Contos do gato no poleiro (Registo nº 4029)

Detalhes MARC
000 -Etiqueta do registo
Cabeçalho 00796nam0a2200265 4500
005 - Identificador da versão
Campo de controlo 20240813122051.0
095 ## -
-- PTBN00202131
010 ## - Número internacional normalizado dos livros (ISBN)
Número (ISBN) 9726950856
100 ## - Dados gerais de processamento
Dados gerais de processamento 20161202d1989 cd y0pory500305 ba
102 ## - Pais de publicação ou produção
País de publicação Portugal
101 1# - Língua de publicação
Língua do texto, banda sonora, etc. Português
Língua do documento no original Francês
215 ## - Descrição física 
Indicação específica da natureza do documento e extensão da espécie 157, [2] p.
Outras indicações físicas il
200 1# - Titulo e menção de responsabilidade
Título próprio Contos do gato no poleiro
Primeira menção de responsabilidade Marcel Aymé
Outras menções de responsabilidade trad. Manuela Torres
-- il. Philippe Dumas
225 1# - Colecção 
Título próprio da colecção Sésamo
Indicação de volume 11
210 ## - Publicação, Distribuição, etc. 
Lugar da edição, distribuição, etc. Lisboa
Nome do editor, distribuidor, etc. Teorema
Data da publicação, distribuição, etc. [1989?]
Data da impressão imp. 1989
606 ## - Nome comum usado como assunto
Número de registo de entrada de autoridade 0001419
Palavra de ordem Literatura francesa
Subdivisão de assunto Conto
Código do sistema CA
675 ## - Classificação Decimal Universal (CDU)
Notação 821.133.1-34
Edição 3ª ed.
Língua da edição por
702 #1 - Nome de autor-pessoa física (responsabilidade secundária)
Número de registo de entrada de autoridade 0000514
Palavra de ordem Torres
Outra parte do nome não tomada para palavra de ordem Manuela
Código de função Tradutor
Número de registo de entrada de autoridade 0000515
Palavra de ordem Dumas
Outra parte do nome não tomada para palavra de ordem Philippe
Datas 1940-
Código de função Ilustrador / Técnico de desenho computorizado
700 #1 - Nome de autor-pessoa física (responsabilidade principal)
Número de registo de entrada de autoridade 0000513
Palavra de ordem Aymé
Outra parte do nome não tomada para palavra de ordem Marcel
Datas 1902-1967
966 ## - Identificação da Biblioteca
Sigla EBVEN
942 ## - Elementos de entrada adicionados (Koha)
Tipo de item no Koha Livro
Exemplares
Situação do levantamento Origin of item (home branch) (coded) Biblioteca de empréstimo Código de barras Cota Circulation type (not for loan) Tipo de documento Nota do exemplar Damaged status
  Biblioteca Escolar das Vendas Biblioteca Escolar das Vendas BEV14 8EST AYM   Livro Sem mensagem